Miasta przy drodze krajowej nr 94 - Statystyki

Ogólne statystyki
  • Ten quiz został rozwiązany 54 razy
    50 od ostatniego zresetowania
  • Średni wynik to 19 z 39
Statystyki odpowiedzi
Ludność Województwo Miasto % Poprawnych
780 981 Małopolskie Kraków
97%
643 782 Dolnośląskie Wrocław
89%
196 821 Podkarpackie Rzeszów
78%
165 263 Śląskie Bytom
76%
128 035 Opolskie Opole
76%
108 470 Małopolskie Tarnów
76%
119 373 Śląskie Dąbrowa Górnicza
70%
35 170 Małopolskie Olkusz
68%
199 974 Śląskie Sosnowiec
65%
172 360 Śląskie Zabrze
65%
38 295 Podkarpackie Jarosław
59%
23 849 Małopolskie Wieliczka
59%
99 350 Dolnośląskie Legnica
57%
16 819 Małopolskie Brzesko
54%
29 718 Małopolskie Bochnia
51%
36 110 Opolskie Brzeg
51%
57 961 Śląskie Będzin
49%
45 504 Podkarpackie Dębica
49%
17 900 Opolskie Strzelce Opolskie
43%
3 314 Małopolskie Wojnicz
43%
17 777 Podkarpackie Łańcut
41%
33 108 Dolnośląskie Oława
41%
15 848 Podkarpackie Ropczyce
41%
66 841 Śląskie Siemianowice Śląskie
41%
38 872 Dolnośląskie Bolesławiec
38%
31 677 Śląskie Czeladź
38%
15 452 Podkarpackie Przeworsk
38%
30 231 Dolnośląskie Zgorzelec
38%
5 335 Podkarpackie Radymno
35%
55 030 Śląskie Piekary Śląskie
32%
4 892 Podkarpackie Pilzno
32%
12 357 Podkarpackie Sędziszów Małopolski
32%
7 092 Śląskie Sławków
30%
3 577 Dolnośląskie Prochowice
27%
3 597 Śląskie Toszek
27%
16 717 Śląskie Pyskowice
22%
9 539 Dolnośląskie Środa Śląska
19%
13 266 Dolnośląskie Chojnów
16%
8 320 Dolnośląskie Siechnice
11%
Nie znaleziono quizów pasujących do podanych kryteriów
Rozkład punktacji
Procent ludzi z każdym wynikiem
Percentyl według liczby udzielonych odpowiedzi
Twoja historia wyników
Nie rozwiązałeś tego quizu od ostatniego zresetowania